[Event "GER-ch Rapid (Women)"]
[Site "Goettingen"]
[Date "2022.09.25"]
[Round "8"]
[White "Germann, Heike"]
[Black "Bluebaum, Johanna"]
[Result "1-0"]
[WhiteElo "1991"]
[BlackElo "1945"]
[PlyCount "93"]
[EventDate "2022.09.24"]
[EventType "swiss (rapid)"]
[EventRounds "9"]
[EventCountry "GER"]
[SourceTitle "CBM 210 Extra"]
[Source "ChessBase"]
[SourceDate "2022.11.30"]
[SourceVersion "1"]
[SourceVersionDate "2022.11.30"]
[SourceQuality "1"]

1. d4 d5 2. c4 e6 3. Nc3 Bb4 4. e3 Nf6 5. Nge2 0-0 6. a3 Be7 7. b4 a5 8. b5 dxc4 9. Ng3 Nd5 10. Qc2 Nb6 11. Na4 N8d7 12. Bxc4 Nxc4 13. Qxc4 e5 14. d5 Nf6 15. e4 Bd7 16. 0-0 b6 17. Bb2 Bd6 18. Nc3 g6 19. a4 Qe7 20. Bc1 Ne8 21. Be3 Ng7 22. Rad1 f5 23. f4 Kh8 24. exf5 gxf5 25. Nce2 e4 26. Bd4 Be8 27. Bb2 Bc5+ 28. Kh1 Qf7 29. Nd4 Kg8 30. Ne6 Nxe6 31. dxe6 Qe7 32. Qc3 Rf6 33. Qxf6 Qxf6 34. Bxf6 e3 35. Rd8 Rxd8 36. Bxd8 Bg6 37. Bxc7 Kf8 38. Re1 Ke7 39. Nf1 Kxe6 40. Nxe3 Kd7 41. Be5 Ke6 42. Rd1 Bh5 43. Re1 Bf7 44. Nc2 Kd7 45. Nd4 Bb4 46. Rd1 Kc8 47. Nxf5 1-0

[Event "GER-ch Rapid (Women)"]
[Site "Goettingen"]
[Date "2022.09.25"]
[Round "6"]
[White "Germann, Heike"]
[Black "Kosovska, Olena"]
[Result "1-0"]
[WhiteElo "1991"]
[BlackElo "1831"]
[PlyCount "106"]
[EventDate "2022.09.24"]
[EventType "swiss (rapid)"]
[EventRounds "9"]
[EventCountry "GER"]
[SourceTitle "CBM 210 Extra"]
[Source "ChessBase"]
[SourceDate "2022.11.30"]
[SourceVersion "1"]
[SourceVersionDate "2022.11.30"]
[SourceQuality "1"]

1. d4 g6 2. c4 Bg7 3. Nc3 c5 4. d5 d6 5. e4 Nf6 6. f4 a6 7. a4 0-0 8. Nf3 e6 9. Be2 exd5 10. cxd5 Re8 11. Nd2 Nbd7 12. 0-0 b6 13. Qc2 Bb7 14. Nc4 Qe7 15. Bf3 Rab8 16. Bd2 Ba8 17. Rae1 b5 18. Na5 b4 19. Nd1 Nb6 20. b3 Qd7 21. Qd3 Qa7 22. Kh1 Rbc8 23. Ne3 Nfd7 24. Nec4 Nxc4 25. Nxc4 Qc7 26. h3 Bb7 27. Bc1 a5 28. Bb2 Ba6 29. Bxg7 Kxg7 30. Qc2 Nb6 31. Be2 Nxc4 32. Bxc4 Bxc4 33. Qxc4 Qe7 34. e5 Qh4 35. Qc1 Rcd8 36. e6 fxe6 37. dxe6 Qf6 38. Qc4 Re7 39. Qd5 Qf5 40. Qc6 Kf6 41. Qb6 Rde8 42. Qxd6 Rxe6 43. Rxe6+ Rxe6 44. Qc7 Qd5 45. Qxh7 Qxb3 46. f5 Re3 47. fxg6+ Ke5 48. g7 Rg3 49. Qh5+ Kd6 50. Qh6+ Ke5 51. Rf8 Qd1+ 52. Kh2 Qb3 53. Qh7 Rg5 1-0

[Event "GER-ch Rapid (Women)"]
[Site "Goettingen"]
[Date "2022.09.24"]
[Round "4"]
[White "Mader, Lena"]
[Black "Germann, Heike"]
[Result "1-0"]
[WhiteElo "1795"]
[BlackElo "1991"]
[PlyCount "61"]
[EventDate "2022.09.24"]
[EventType "swiss (rapid)"]
[EventRounds "9"]
[EventCountry "GER"]
[SourceTitle "CBM 210 Extra"]
[Source "ChessBase"]
[SourceDate "2022.11.30"]
[SourceVersion "1"]
[SourceVersionDate "2022.11.30"]
[SourceQuality "1"]

1. c4 Nf6 2. g3 g6 3. Bg2 Bg7 4. Nf3 d6 5. Nc3 0-0 6. 0-0 e5 7. d3 Nc6 8. Rb1 a5 9. a3 Nd7 10. Bd2 f5 11. b4 axb4 12. axb4 Ne7 13. Qb3 Kh8 14. Ra1 Rxa1 15. Rxa1 Nf6 16. Ra8 Qd7 17. Bg5 h6 18. Bc1 c6 19. b5 Ne8 20. b6 Nf6 21. Qb1 Ng4 22. Bb2 Nf6 23. Ba3 Qe6 24. Nd2 Nd7 25. Na4 f4 26. Qb4 fxg3 27. hxg3 Qf7 28. Ne4 d5 29. Qxe7 Qf5 30. Rxc8 Rxc8 31. Nd6 1-0

[Event "BL 2122 (Women)"]
[Site "Germany"]
[Date "2022.03.20"]
[Round "6.5"]
[White "Germann, Heike"]
[Black "Grabowski, Petra"]
[Result "1/2-1/2"]
[WhiteElo "1997"]
[BlackElo "1635"]
[PlyCount "87"]
[EventDate "2021.11.27"]
[EventType "team-tourn"]
[EventRounds "11"]
[EventCountry "GER"]
[SourceTitle "EXT 2023"]
[Source "ChessBase"]
[SourceDate "2022.10.05"]
[SourceVersion "1"]
[SourceVersionDate "2022.10.05"]
[SourceQuality "1"]
[WhiteTeam "Leipzig Weissblau (W)"]
[BlackTeam "Lehrte (W)"]
[WhiteTeamCountry "GER"]
[BlackTeamCountry "GER"]

1. d4 e6 2. c4 d5 3. Nc3 c6 4. e3 Nf6 5. Nf3 Bd6 6. Be2 dxc4 7. Bxc4 Nbd7 8. 0-0 0-0 9. Bd2 Qc7 10. e4 e5 11. d5 cxd5 12. Bxd5 Nxd5 13. Nxd5 Qd8 14. Bc3 f6 15. Qe2 Nb6 16. Ne3 Be6 17. Rfd1 Qe7 18. b3 Rfd8 19. Rd3 Bc5 20. Rad1 Rxd3 21. Rxd3 Rd8 22. h3 Rxd3 23. Qxd3 Bxe3 24. Qxe3 Qd6 25. Ne1 Nc8 26. Nd3 Qb6 27. Qxb6 Nxb6 28. Ba5 Nd7 29. Kf1 b6 30. Bb4 Nb8 31. Ke2 Nc6 32. Bc3 Kf7 33. Nb2 Ke7 34. Kd3 Bc8 35. Ke3 Ba6 36. g3 Bf1 37. h4 Ba6 38. Nd3 Bb7 39. Bb2 Kd7 40. Bc3 Ke7 41. Ne1 Nd8 42. Nc2 Ne6 43. Bb4+ Kd7 44. f3 1/2-1/2

[Event "BL 1920 (Women)"]
[Site "Germany"]
[Date "2019.12.14"]
[Round "3.5"]
[White "Basovskiy, Jana"]
[Black "Germann, Heike"]
[Result "1/2-1/2"]
[WhiteElo "1782"]
[BlackElo "2079"]
[PlyCount "73"]
[EventDate "2019.09.14"]
[EventType "team-tourn"]
[EventRounds "11"]
[EventCountry "GER"]
[SourceTitle "CBM 194 Extra"]
[Source "ChessBase"]
[SourceDate "2020.03.31"]
[SourceVersion "1"]
[SourceVersionDate "2020.03.31"]
[SourceQuality "1"]
[WhiteTeam "Karlsruhe (W)"]
[BlackTeam "Leipzig Weissblau (W)"]
[WhiteTeamCountry "GER"]
[BlackTeamCountry "GER"]

1. e4 c5 2. Nf3 Nc6 3. d4 cxd4 4. Nxd4 g6 5. Nc3 Bg7 6. Be3 Nf6 7. Bc4 Qa5 8. 0-0 0-0 9. Bb3 d6 10. h3 Bd7 11. f4 a6 12. Kh2 Rac8 13. Qe1 Ng4+ 14. hxg4 Nxd4 15. Qf2 Nxb3 16. axb3 Qd8 17. Bb6 Qe8 18. f5 Be5+ 19. Kg1 Bc6 20. Qe3 f6 21. Rf3 Qf7 22. Rh3 e6 23. Rf1 d5 24. exd5 exd5 25. Qh6 d4 26. Ne2 Bb5 27. Re1 Rxc2 28. Nxd4 Bxd4+ 29. Bxd4 Bc6 30. Rh2 Qg7 31. Qxg7+ Kxg7 32. Re7+ Rf7 33. Rxf7+ Kxf7 34. Rxh7+ Kg8 35. Rh2 gxf5 36. gxf5 Kf7 37. g4 1/2-1/2

[Event "BL 1920 (Women)"]
[Site "Germany"]
[Date "2019.09.15"]
[Round "2.3"]
[White "Savina, Anastasia"]
[Black "Germann, Heike"]
[Result "1-0"]
[WhiteElo "2346"]
[BlackElo "2079"]
[PlyCount "69"]
[EventDate "2019.09.14"]
[EventType "team-tourn"]
[EventRounds "11"]
[EventCountry "GER"]
[SourceTitle "EXT 2020"]
[Source "ChessBase"]
[SourceDate "2019.10.17"]
[SourceVersion "1"]
[SourceVersionDate "2019.10.17"]
[SourceQuality "1"]
[WhiteTeam "Bad Koenigshofen (W)"]
[BlackTeam "Leipzig Weissblau (W)"]
[WhiteTeamCountry "GER"]
[BlackTeamCountry "GER"]

1. d4 Nf6 2. c4 g6 3. Nc3 Bg7 4. e4 d6 5. h3 0-0 6. Be3 e5 7. d5 a5 8. g4 Na6 9. Nge2 Nd7 10. Ng3 Nac5 11. Be2 f6 12. h4 Rf7 13. Qd2 Bf8 14. h5 g5 15. 0-0 Nb6 16. b3 Bd7 17. Rab1 Qc8 18. f3 c6 19. Rfc1 Qd8 20. Kg2 cxd5 21. cxd5 Be8 22. Nb5 Bxb5 23. Bxb5 Rc7 24. Nf5 Nc8 25. a3 Na7 26. Be2 Nc8 27. b4 axb4 28. axb4 Nd7 29. Rxc7 Qxc7 30. Rc1 Qd8 31. Bb5 Ne7 32. Nxd6 Ng6 33. Nxb7 Nh4+ 34. Kg3 Qb8 35. Bxd7 1-0

[Event "BL2 Ost 1819 (Women)"]
[Site "Germany"]
[Date "2019.01.13"]
[Round "7.4"]
[White "Germann, Heike"]
[Black "Lorenz, Anouk"]
[Result "1/2-1/2"]
[WhiteElo "2071"]
[BlackElo "1429"]
[PlyCount "125"]
[EventDate "2018.10.27"]
[EventType "team-tourn"]
[EventRounds "7"]
[EventCountry "GER"]
[SourceTitle "CBM 190 Extra"]
[Source "ChessBase"]
[SourceDate "2019.07.15"]
[SourceVersion "1"]
[SourceVersionDate "2019.07.15"]
[SourceQuality "1"]
[WhiteTeam "Leipzig Blauweiss Allianz (W)"]
[BlackTeam "Saalfeld (W)"]
[WhiteTeamCountry "GER"]
[BlackTeamCountry "GER"]

1. d4 f5 2. Bg5 g6 3. e3 Bg7 4. Bd3 Nf6 5. Nc3 0-0 6. Qe2 d6 7. 0-0-0 c6 8. h4 Nh5 9. Nh3 h6 10. Bf4 Nxf4 11. Nxf4 Qe8 12. Bc4+ Kh7 13. Be6 Na6 14. g4 Bxe6 15. Nxe6 Rf6 16. gxf5 Rxf5 17. Nxg7 Kxg7 18. Rhg1 Qf7 19. Rg2 Kh7 20. Rdg1 b5 21. e4 Rf4 22. d5 Nc5 23. f3 b4 24. Nd1 cxd5 25. exd5 Rg8 26. Rg3 Rg7 27. Ne3 Rxh4 28. Qg2 Rh5 29. Qd2 a5 30. c3 bxc3 31. bxc3 Qe8 32. Qc2 e6 33. c4 exd5 34. Nxd5 Rf5 35. Rxg6 Rxg6 36. Qxf5 Qe6 37. Qc2 Na6 38. a3 Nc5 39. Kb1 Kg7 40. Qc3+ Kf7 41. Re1 Qf5+ 42. Ka1 Re6 43. Rxe6 Nxe6 44. Qxa5 Qxf3 45. Qa7+ Kg6 46. Qg1+ Kf5 47. Kb2 Qe2+ 48. Kc3 Qe5+ 49. Kc2 Nd4+ 50. Kb1 Qe4+ 51. Ka1 Nb3+ 52. Kb2 Qd4+ 53. Qxd4 Nxd4 54. Kc3 Nc6 55. Kd3 Ne5+ 56. Kd4 h5 57. c5 dxc5+ 58. Kxc5 h4 59. Ne3+ Kg5 60. Nf1 h3 61. a4 Nd7+ 62. Kc6 Ne5+ 63. Kd5 1/2-1/2

[Event "Oberliga Nord O 1819"]
[Site "Germany"]
[Date "2018.12.16"]
[Round "4.8"]
[White "Germann, Heike"]
[Black "Breitzmann, Sander"]
[Result "1-0"]
[WhiteElo "2069"]
[BlackElo "1845"]
[PlyCount "107"]
[EventDate "2018.10.21"]
[EventType "team-tourn"]
[EventRounds "9"]
[EventCountry "GER"]
[SourceTitle "EXT 2020"]
[Source "ChessBase"]
[SourceDate "2019.10.17"]
[SourceVersion "1"]
[SourceVersionDate "2019.10.17"]
[SourceQuality "1"]
[WhiteTeam "Potsdam Empor"]
[BlackTeam "Berlin Empor"]
[WhiteTeamCountry "GER"]
[BlackTeamCountry "GER"]

1. d4 Nf6 2. c4 e6 3. Nc3 Bb4 4. e3 b6 5. Nge2 Ba6 6. a3 Be7 7. Ng3 0-0 8. Bd3 d5 9. cxd5 Bxd3 10. Qxd3 exd5 11. b4 c5 12. bxc5 bxc5 13. dxc5 Bxc5 14. 0-0 Nc6 15. Na4 Ne5 16. Qf5 Bd6 17. Bb2 Qe7 18. Rfd1 Rab8 19. Bd4 g6 20. Qg5 Qe6 21. Nc5 Bxc5 22. Bxe5 Rb6 23. Qxf6 Qxf6 24. Bxf6 Rxf6 25. Rxd5 Rc8 26. Rxc5 Rxc5 27. Ne4 Rfc6 28. Nxc5 Rxc5 29. g3 Rc2 30. Kg2 a5 31. a4 h5 32. h3 g5 33. Rb1 Rc4 34. Rb5 Rxa4 35. Rxg5+ Kh7 36. Rxh5+ Kg6 37. Rb5 Ra1 38. h4 a4 39. Ra5 a3 40. g4 a2 41. Ra6+ Kh7 42. h5 f6 43. Kf3 Kg7 44. Kf4 Kh7 45. Kf5 Kg7 46. Ra7+ Kh6 47. Kxf6 Rg1 48. Rxa2 Rxg4 49. f4 Rg8 50. f5 Rf8+ 51. Ke5 Kxh5 52. Rg2 Re8+ 53. Kf4 Ra8 54. Rh2# 1-0

[Event "BL2 Ost 1819 (Women)"]
[Site "Germany"]
[Date "2018.12.09"]
[Round "5.3"]
[White "Germann, Heike"]
[Black "Naumann, Nadine"]
[Result "1/2-1/2"]
[WhiteElo "2070"]
[BlackElo "1960"]
[PlyCount "119"]
[EventDate "2018.10.27"]
[EventType "team-tourn"]
[EventRounds "7"]
[EventCountry "GER"]
[SourceTitle "CBM 190 Extra"]
[Source "ChessBase"]
[SourceDate "2019.07.15"]
[SourceVersion "1"]
[SourceVersionDate "2019.07.15"]
[SourceQuality "1"]
[WhiteTeam "Leipzig Blauweiss Allianz (W)"]
[BlackTeam "Loeberitz (W)"]
[WhiteTeamCountry "GER"]
[BlackTeamCountry "GER"]

1. d4 d5 2. c4 e6 3. Nc3 c6 4. e3 Nf6 5. Nf3 Nbd7 6. Bd2 Bd6 7. Qc2 Qe7 8. Be2 dxc4 9. Bxc4 b5 10. Bd3 Bb7 11. 0-0 a6 12. a4 0-0 13. Rfc1 b4 14. Ne4 Nxe4 15. Bxe4 Nf6 16. Bd3 a5 17. e4 e5 18. dxe5 Bxe5 19. Nxe5 Qxe5 20. Re1 Ng4 21. g3 Qh5 22. h4 Ne5 23. Be2 Nf3+ 24. Bxf3 Qxf3 25. Re3 Qf6 26. Rd1 Rfd8 27. Bc1 Rxd1+ 28. Qxd1 Rd8 29. Rd3 Rxd3 30. Qxd3 h6 31. Kg2 Qe7 32. Be3 Qc7 33. Bc5 Bc8 34. Qd4 Qd7 35. Qxd7 Bxd7 36. Bb6 c5 37. Bxc5 Bxa4 38. Bb6 Bc2 39. Bxa5 b3 40. Kf3 f6 41. Kf4 Kf7 42. h5 Ke6 43. g4 Bd1 44. Bc3 Bc2 45. f3 Bd1 46. Ke3 Bc2 47. Kf4 Bd1 48. Kg3 Bc2 49. Bd4 Bd3 50. Kf4 Be2 51. e5 fxe5+ 52. Bxe5 Kf7 53. Kg3 Bd1 54. f4 Be2 55. Kh4 Bd3 56. g5 hxg5+ 57. fxg5 g6 58. h6 Kg8 59. Kg3 Kh7 60. Kf4 1/2-1/2

[Event "Oberliga Nord O 1718"]
[Site "Germany"]
[Date "2017.11.12"]
[Round "3.8"]
[White "Hering, Sven"]
[Black "Germann, Heike"]
[Result "1-0"]
[WhiteElo "1967"]
[BlackElo "2059"]
[PlyCount "59"]
[EventDate "2017.10.08"]
[EventType "team-tourn"]
[EventRounds "9"]
[EventCountry "GER"]
[SourceTitle "EXT 2019"]
[Source "ChessBase"]
[SourceDate "2018.10.10"]
[SourceVersion "1"]
[SourceVersionDate "2018.10.10"]
[SourceQuality "1"]
[WhiteTeam "Cottbus Lokomotive"]
[BlackTeam "Neuruppin"]
[WhiteTeamCountry "GER"]
[BlackTeamCountry "GER"]

1. e4 c5 2. Nc3 Nc6 3. Bb5 Nd4 4. Bc4 g6 5. Nge2 Bg7 6. Nxd4 cxd4 7. Qf3 e6 8. Nb5 d6 9. Qa3 Ke7 10. c3 dxc3 11. bxc3 a6 12. Be2 Nf6 13. e5 Ne8 14. d4 f6 15. Bf4 fxe5 16. dxe5 Kf7 17. Rd1 d5 18. c4 Bd7 19. Nc3 Bc6 20. Bf3 Bf8 21. Qb2 Qa5 22. cxd5 Bb4 23. Bd2 Bd7 24. 0-0 Rc8 25. Ne4 Bxd2 26. Rxd2 exd5 27. e6+ Bxe6 28. Ng5+ Ke7 29. Nxe6 Kxe6 30. Bg4+ 1-0

[Event "BL2 Ost 1617 (Women)"]
[Site "Germany"]
[Date "2017.03.26"]
[Round "7.5"]
[White "Bade, Heidrun"]
[Black "Germann, Heike"]
[Result "1/2-1/2"]
[WhiteElo "1796"]
[BlackElo "2026"]
[PlyCount "86"]
[EventDate "2016.10.22"]
[EventType "team-tourn"]
[EventRounds "7"]
[EventCountry "GER"]
[SourceTitle "EXT 2018"]
[Source "ChessBase"]
[SourceDate "2017.10.13"]
[SourceVersion "1"]
[SourceVersionDate "2017.10.13"]
[SourceQuality "1"]
[WhiteTeam "Potsdam USV (W)"]
[BlackTeam "Leipzig Allianz (W)"]
[WhiteTeamCountry "GER"]
[BlackTeamCountry "GER"]

1. e4 c5 2. Nf3 Nc6 3. d4 cxd4 4. Nxd4 g6 5. Bc4 Bg7 6. Be3 Nf6 7. Nc3 Qa5 8. f3 Qb4 9. Bb3 Nxe4 10. fxe4 Bxd4 11. Bxd4 Qxd4 12. Qxd4 Nxd4 13. Ba4 0-0 14. Rd1 Nc6 15. Nd5 Kg7 16. 0-0 e6 17. Nf6 Rd8 18. c3 Ne5 19. Rd4 b6 20. h3 Ba6 21. Rf2 Nd3 22. Rf3 Ne5 23. Rf2 d6 24. Bc2 Bb5 25. Ng4 Nxg4 26. hxg4 Rac8 27. Kh2 Rc4 28. Kg3 Rxd4 29. cxd4 Rc8 30. g5 Bc4 31. Bb1 Bb5 32. Bc2 Rc7 33. Kg4 Bd7 34. Kg3 Rc4 35. Rd2 h6 36. gxh6+ Kxh6 37. Kf4 g5+ 38. Ke3 f5 39. g3 Kg6 40. Rf2 Kf6 41. exf5 exf5 42. Bxf5 Bxf5 43. g4 Rc7 1/2-1/2

[Event "BL2 Ost 1617 (Women)"]
[Site "Germany"]
[Date "2017.03.26"]
[Round "6.5"]
[White "Germann, Heike"]
[Black "Wolf, Sylvia"]
[Result "1/2-1/2"]
[WhiteElo "2026"]
[BlackElo "2064"]
[PlyCount "92"]
[EventDate "2016.10.22"]
[EventType "team-tourn"]
[EventRounds "7"]
[EventCountry "GER"]
[SourceTitle "EXT 2018"]
[Source "ChessBase"]
[SourceDate "2017.10.13"]
[SourceVersion "1"]
[SourceVersionDate "2017.10.13"]
[SourceQuality "1"]
[WhiteTeam "Leipzig Allianz (W)"]
[BlackTeam "Rotation Pankow (W)"]
[WhiteTeamCountry "GER"]
[BlackTeamCountry "GER"]

1. d4 Nf6 2. c4 c5 3. d5 e6 4. Nc3 exd5 5. cxd5 d6 6. e4 g6 7. f4 Bg7 8. Bb5+ Nfd7 9. Bd3 a6 10. a4 Qh4+ 11. g3 Qe7 12. Nf3 0-0 13. 0-0 a5 14. Re1 Na6 15. Be3 Nb4 16. Bf1 Nf6 17. e5 Ng4 18. exd6 Qxd6 19. Nb5 Nxe3 20. Nxd6 Nxd1 21. Raxd1 Bg4 22. Kf2 Bxb2 23. Nxb7 Bxf3 24. Kxf3 Bd4 25. d6 Ra7 26. Re7 Kg7 27. Bc4 Kf6 28. Rde1 Nc2 29. R1e2 Na3 30. Bb3 c4 31. Bc2 Nxc2 32. Rxc2 Rb8 33. Rxc4 Raxb7 34. Rxb7 Rxb7 35. Rxd4 Ke6 36. Kg4 h6 37. h4 Rd7 38. h5 Rxd6 39. Rxd6+ Kxd6 40. hxg6 fxg6 41. f5 gxf5+ 42. Kxf5 Kc5 43. Kg6 Kb4 44. Kxh6 Kxa4 45. g4 Kb4 46. g5 a4 1/2-1/2

[Event "Oberliga Nord O 1617"]
[Site "Germany"]
[Date "2017.03.19"]
[Round "7.4"]
[White "Lehmann, Klaus"]
[Black "Germann, Heike"]
[Result "1-0"]
[WhiteElo "2331"]
[BlackElo "2026"]
[PlyCount "51"]
[EventDate "2016.10.16"]
[EventType "team-tourn"]
[EventRounds "9"]
[EventCountry "GER"]
[SourceTitle "EXT 2018"]
[Source "ChessBase"]
[SourceDate "2017.10.13"]
[SourceVersion "1"]
[SourceVersionDate "2017.10.13"]
[SourceQuality "1"]
[WhiteTeam "Kreuzberg"]
[BlackTeam "Neuruppin"]
[WhiteTeamCountry "GER"]
[BlackTeamCountry "GER"]

1. e4 c5 2. Nf3 Nc6 3. Bb5 g6 4. 0-0 Bg7 5. Re1 Nf6 6. Bxc6 bxc6 7. d3 0-0 8. Nc3 d6 9. e5 Nd5 10. h3 c4 11. Nxd5 cxd5 12. Bf4 dxe5 13. Nxe5 cxd3 14. Qxd3 e6 15. Qd2 f6 16. Nd3 Rf7 17. Bh6 Bh8 18. Nf4 Qd6 19. Nxd5 Rd7 20. Qe3 Rb8 21. Nf4 Qc6 22. Qa3 Bg7 23. Bxg7 Kxg7 24. Nxe6+ Kh6 25. Qf8+ Kh5 26. g4+ 1-0

[Event "Oberliga Nord O 1516"]
[Site "Germany"]
[Date "2016.01.17"]
[Round "5.7"]
[White "Germann, Heike"]
[Black "Georgi, David"]
[Result "0-1"]
[WhiteElo "2020"]
[BlackElo "1811"]
[PlyCount "68"]
[EventDate "2015.09.20"]
[EventType "team-tourn"]
[EventRounds "9"]
[EventCountry "GER"]
[SourceTitle "CBM 170 Extra"]
[Source "ChessBase"]
[SourceDate "2016.02.25"]
[SourceVersion "1"]
[SourceVersionDate "2016.02.25"]
[SourceQuality "1"]
[WhiteTeam "Neuruppin"]
[BlackTeam "Fuerstenwalde"]
[WhiteTeamCountry "GER"]
[BlackTeamCountry "GER"]

1. d4 d5 2. c4 e6 3. Nc3 Nf6 4. Bg5 Nbd7 5. e3 Be7 6. Nf3 0-0 7. Qc2 c6 8. 0-0-0 Qa5 9. Kb1 Re8 10. h4 dxc4 11. Bxc4 e5 12. Bxf6 Bxf6 13. Ng5 Bxg5 14. hxg5 Nf8 15. d5 cxd5 16. Rxd5 Qc7 17. Nb5 Qe7 18. Nd6 Rd8 19. Nxf7 Rxd5 20. Bxd5 Be6 21. Be4 Qxf7 22. Bxh7+ Nxh7 23. Qxh7+ Kf8 24. Qh8+ Qg8 25. Qh4 Re8 26. Qb4+ Re7 27. Rd1 Bxa2+ 28. Ka1 Qc4 29. Rd8+ Kf7 30. g6+ Kf6 31. Rf8+ Ke6 32. Qe1 Bb3 33. Kb1 Qc2+ 34. Ka1 Rd7 0-1

[Event "BL2 Ost 1516 (Women)"]
[Site "Germany"]
[Date "2015.12.05"]
[Round "3.4"]
[White "Germann, Heike"]
[Black "Weimert, Miriam"]
[Result "1/2-1/2"]
[WhiteElo "2029"]
[BlackElo "1692"]
[PlyCount "44"]
[EventDate "2015.09.26"]
[EventType "team-tourn"]
[EventRounds "7"]
[EventCountry "GER"]
[SourceTitle "EXT 2017"]
[Source "ChessBase"]
[SourceDate "2016.10.25"]
[SourceVersion "1"]
[SourceVersionDate "2016.10.25"]
[SourceQuality "1"]
[WhiteTeam "Leipzig Allianz (W)"]
[BlackTeam "Leipzig Lindenau (W)"]
[WhiteTeamCountry "GER"]
[BlackTeamCountry "GER"]

1. d4 Nf6 2. c4 e5 3. dxe5 Ng4 4. Bf4 Bb4+ 5. Nd2 Nc6 6. Ngf3 Qe7 7. a3 Bxd2+ 8. Qxd2 Ngxe5 9. Nxe5 Nxe5 10. e3 d6 11. Be2 Bf5 12. 0-0 0-0 13. Rfd1 Rad8 14. Rac1 Rfe8 15. Qa5 b6 16. Qxa7 Ng6 17. Bf3 Nxf4 18. exf4 Bc2 19. Rf1 Bd3 20. Rfd1 Bc2 21. Rf1 Bd3 22. Rfd1 Bc2 1/2-1/2

[Event "GER-ch rapid (Women)"]
[Site "chess24.com INT"]
[Date "2015.09.13"]
[Round "9"]
[White "Birkholz, Olga"]
[Black "Germann, Heike"]
[Result "0-1"]
[WhiteElo "2068"]
[BlackElo "2029"]
[PlyCount "106"]
[EventDate "2015.09.12"]
[EventType "swiss (rapid)"]
[EventRounds "9"]
[EventCountry "GER"]
[SourceTitle "EXT 2017"]
[Source "ChessBase"]
[SourceDate "2016.10.25"]
[SourceVersion "1"]
[SourceVersionDate "2016.10.25"]
[SourceQuality "1"]
[WhiteTeam "Germany"]
[BlackTeam "Germany"]
[WhiteTeamCountry "GER"]
[BlackTeamCountry "GER"]

1. d4 Nf6 2. Nf3 g6 3. Nc3 Bg7 4. e4 d6 5. Bg5 0-0 6. Bd3 c5 7. Qd2 cxd4 8. Nxd4 Re8 9. 0-0-0 a6 10. h4 h5 11. Bh6 Bh8 12. f4 Ng4 13. f5 Bxd4 14. fxg6 fxg6 15. Qg5 Be3+ 16. Qxe3 Nxe3 17. Bxe3 Nc6 18. Bc4+ Kg7 19. Bg5 Ne5 20. Bb3 Bd7 21. Rxd6 exd6 22. Bxd8 Raxd8 23. Nd5 Bc6 24. Kd2 Bxd5 25. Bxd5 b6 26. Rh3 a5 27. Rb3 Rb8 28. Rc3 Re7 29. a3 Rf8 30. Rb3 Nd7 31. Ke3 Nf6 32. Kd4 Nd7 33. Bc6 Rf2 34. Kd5 Rd2+ 35. Rd3 Rxd3+ 36. cxd3 Ne5 37. Bb5 Kf6 38. Kxd6 Nf7+ 39. Kc6 Re6+ 40. Kc7 Ke5 41. Bc4 Rf6 42. Bd5 b5 43. b4 axb4 44. axb4 Kd4 45. Bxf7 Rxf7+ 46. Kb6 Kxd3 47. e5 Re7 48. Kxb5 Rxe5+ 49. Kc6 Kc4 50. Kd6 Rb5 51. Ke6 Rxb4 52. Kf6 Rb6+ 53. Ke5 Kd3 0-1

[Event "GER-ch rapid (Women)"]
[Site "chess24.com INT"]
[Date "2015.09.13"]
[Round "6"]
[White "Stangl, Anita"]
[Black "Germann, Heike"]
[Result "1-0"]
[WhiteElo "2061"]
[BlackElo "2029"]
[PlyCount "73"]
[EventDate "2015.09.12"]
[EventType "swiss (rapid)"]
[EventRounds "9"]
[EventCountry "GER"]
[SourceTitle "EXT 2017"]
[Source "ChessBase"]
[SourceDate "2016.10.25"]
[SourceVersion "1"]
[SourceVersionDate "2016.10.25"]
[SourceQuality "1"]
[WhiteTeam "Germany"]
[BlackTeam "Germany"]
[WhiteTeamCountry "GER"]
[BlackTeamCountry "GER"]

1. e4 c5 2. Nf3 Nc6 3. d4 cxd4 4. Nxd4 g6 5. Nc3 Bg7 6. Be3 Nf6 7. Be2 0-0 8. Qd2 d5 9. Nxc6 bxc6 10. e5 Nd7 11. f4 e6 12. h4 c5 13. Bf2 Rb8 14. b3 Qa5 15. a4 Qb4 16. Rd1 Bb7 17. 0-0 Rfc8 18. Nb5 Qxd2 19. Rxd2 Bh6 20. Be1 Ra8 21. Nd6 Rcb8 22. Bb5 Nb6 23. Nxb7 Rxb7 24. Bc6 Rbb8 25. Bxa8 Rxa8 26. g3 Rc8 27. Bf2 c4 28. a5 Nd7 29. Bxa7 Nxe5 30. Re2 Nc6 31. Bb6 Nb4 32. Ra1 Ra8 33. Ra4 Bf8 34. c3 Nc6 35. bxc4 dxc4 36. Rxc4 Nxa5 37. Ra4 1-0

[Event "GER-ch rapid (Women)"]
[Site "chess24.com INT"]
[Date "2015.09.12"]
[Round "2"]
[White "Zschischang, Marine"]
[Black "Germann, Heike"]
[Result "1-0"]
[WhiteElo "2081"]
[BlackElo "2029"]
[PlyCount "73"]
[EventDate "2015.09.12"]
[EventType "swiss (rapid)"]
[EventRounds "9"]
[EventCountry "GER"]
[SourceTitle "EXT 2017"]
[Source "ChessBase"]
[SourceDate "2016.10.25"]
[SourceVersion "1"]
[SourceVersionDate "2016.10.25"]
[SourceQuality "1"]
[WhiteTeam "Germany"]
[BlackTeam "Germany"]
[WhiteTeamCountry "GER"]
[BlackTeamCountry "GER"]

1. c4 Nf6 2. Nc3 g6 3. g3 Bg7 4. e4 d6 5. h3 0-0 6. Bg2 Nbd7 7. Nge2 e5 8. d3 Ne8 9. 0-0 f5 10. exf5 gxf5 11. f4 c6 12. Kh2 Ndf6 13. d4 e4 14. d5 c5 15. Rb1 a5 16. Nb5 Bd7 17. a4 Bxb5 18. axb5 b6 19. Nc3 Qd7 20. Be3 Kh8 21. Rg1 Rg8 22. Bf1 Bh6 23. Be2 Rg6 24. g4 Bf8 25. g5 Ng8 26. h4 Ra7 27. Na4 Rb7 28. Bd2 Bg7 29. h5 Bd4 30. Bc3 Bxc3 31. Nxc3 Rg7 32. h6 Rf7 33. Bh5 Rf8 34. Qc1 Ne7 35. Nxe4 fxe4 36. Bxe8 Qxe8 37. Qc3+ 1-0